R (on the application of Lowther) v Durham CC and another (Record no. 68555)

MARC details
000 -LEADER
fixed length control field 01217cam a2200229 4500
001 - CONTROL NUMBER
control field X115098
008 - FIXED-LENGTH DATA ELEMENTS--GENERAL INFORMATION
fixed length control field 011012n2001 000 0 eng u
035 ## - SYSTEM CONTROL NUMBER
System control number (Sirsi) u115098
245 ## - TITLE STATEMENT
Title R (on the application of Lowther) v Durham CC and another
260 ## - PUBLICATION, DISTRIBUTION, ETC.
Date of publication, distribution, etc. 2001
490 ## - SERIES STATEMENT
Series statement Estates Gazette
Volume/sequential designation [2001] 22 EG 154 (CS) (2/5/01)
520 ## - SUMMARY, ETC.
Summary, etc. CA 24 May 2001. Operator of quarry changing fuel type to secondary liquid fuel - Applicant objecting - Council deciding material change of use of land requiring planning permission - Council considering report containing advice from counsel and reversing decision - Applicant seeking to quash decision - Judge finding advice not defective in law and dismissing application - Applicant appealing - Whether burning of waste on a significant scale as part of an operation always constituting a separate land use for planning purposes - Appeal dismissed.
650 ## - SUBJECT ADDED ENTRY--TOPICAL TERM
Topical term or geographic name entry element R V DURHAM CC AND ANOTHER EX P LOWTHER
650 ## - SUBJECT ADDED ENTRY--TOPICAL TERM
Topical term or geographic name entry element EAST BARNET URBAN DC V BRITISH TRANSPORT COMMISSION
650 ## - SUBJECT ADDED ENTRY--TOPICAL TERM
Topical term or geographic name entry element Environment
9 (RLIN) 6238
650 ## - SUBJECT ADDED ENTRY--TOPICAL TERM
Topical term or geographic name entry element Land use
9 (RLIN) 6251
650 ## - SUBJECT ADDED ENTRY--TOPICAL TERM
Topical term or geographic name entry element CHANGE OF USE
650 ## - SUBJECT ADDED ENTRY--TOPICAL TERM
Topical term or geographic name entry element WASTE
650 ## - SUBJECT ADDED ENTRY--TOPICAL TERM
Topical term or geographic name entry element PLANNING
690 ## - LOCAL SUBJECT ADDED ENTRY--TOPICAL TERM (OCLC, RLIN)
Topical term or geographic name as entry element PROPERTY AND LAND LAW-CASE LAW
942 ## - ADDED ENTRY ELEMENTS (KOHA)
Suppress in OPAC 0
Holdings
Withdrawn status Lost status Source of classification or shelving scheme Damaged status Not for loan Home library Current library Shelving location Date acquired Total Checkouts Full call number Barcode Date last seen Copy number Price effective from Koha item type
    Dewey Decimal Classification     London London Journal article 12/10/2001   X115098 115098-1001 06/08/2019 1 06/08/2019 Law report